| 000 | 00474nam a2200181Ia 4500 | ||
|---|---|---|---|
| 005 | 20260429112220.0 | ||
| 008 | 260429s9999||||xx |||||||||||||| ||und|| | ||
| 020 | _a9789391193096 | ||
| 041 | _aEnglish | ||
| 082 |
_a910.54 _bPAT |
||
| 100 | _aPatel, Raj Kumar | ||
| 245 | 0 |
_aGeography of India / _cRaj Kumar Patel |
|
| 250 | _a1st ed. | ||
| 260 |
_aNew Delhi : _bManglam Publications, _c2021. |
||
| 300 | _axiv, 286 p.; hb | ||
| 650 | _aGeography: India | ||
| 942 | _cTB | ||
| 999 |
_c52939 _d52939 |
||